Diaspora-Berber - Statistics

General Stats
  • This quiz has been taken 375 times
  • The average score is 11 of 13
Answer Stats
Number of immigrants Continent Country % Correct
9.000.000-13.000.000 Africa Algeria
99%
14.000.000-20.000.000 Africa Morocco
99%
110.000-389.652 Africa Tunisia
96%
3.850.000 Africa Libya
95%
34.000-1.826.580 Africa Egypt
93%
2.000.000 Europe France
93%
850.000 Africa Mali
91%
2.883.000 Africa Mauritania
90%
37.060 North America Canada
86%
1.620.000 Africa Niger
85%
500.000 Europe Belgium
62%
367.455 Europe the Netherlands
61%
50.000 Africa Burkina Faso
44%
No matching quizzes found
Score Distribution
Percent of People with Each Score
Percentile by Number Answered
Your Score History
You have not taken this quiz